Rugby // Clubs de Nationale - Statistiques

Statistiques générales
  • Ce quiz a été pris 50 fois
  • Le résultat moyen est 9 sur 14
Statistiques - réponses
Hint Réponse % Correct
14 Racing Club Narbonnais
89%
3 SC Albi
86%
1 Stado Tarbes Pyrénées Rugby
78%
4 US Carcassonnaise
75%
10 Rugby Club Massy Essonne
69%
8 CS Bourgoin Jallieu
67%
5 Rouen Normandie Rugby
67%
2 CA Perigourdin
61%
7 Stade Olympique Chamberien Rugby Savoie Mont-blanc
61%
9 Rugby Club Hyères Carqueiranne La Crau
58%
12 Stade Langonnais
58%
11 Ol Marcquois Rugby
56%
13 Rugby Club de Suresnes - Hauts De Seine
56%
6 US Bressane
53%
Aucun quiz correspondant
Distribution des résultats
% des personnes avec chaque résultat
Percentile par nombre de réponses
Votre historique - résultats
Vous n’avez pas pris ce quiz